Statistics for 12 x 12 Multiplication Table with an extra 1 minute

Click here to take the quiz!

General Stats

  • This quiz has been taken 148 times
  • The average score is 127 of 144

Answer Stats

Answer% Correct
1
100%
10
100%
2
100%
3
100%
4
100%
5
100%
6
100%
7
100%
8
100%
9
100%
11
99%
12
99%
10
98%
12
98%
14
98%
16
98%
18
98%
2
98%
20
98%
22
98%
24
98%
4
98%
6
98%
8
98%
3
96%
12
95%
12
95%
15
95%
16
95%
18
95%
20
95%
21
95%
4
95%
6
95%
8
95%
9
95%
24
94%
24
94%
27
94%
28
94%
30
94%
32
94%
33
94%
36
94%
36
94%
40
94%
44
94%
48
94%
10
93%
12
93%
15
93%
18
93%
20
93%
24
93%
25
93%
30
93%
30
93%
35
93%
36
93%
40
93%
42
93%
45
93%
5
93%
50
93%
55
93%
6
93%
60
93%
48
92%
14
91%
54
91%
7
91%
21
89%
28
89%
35
89%
42
89%
49
89%
16
88%
56
88%
60
88%
66
88%
72
88%
8
88%
70
87%
77
87%
84
87%
63
86%
18
85%
24
85%
32
85%
9
85%
10
84%
27
84%
36
84%
40
84%
45
84%
48
84%
54
84%
56
84%
63
84%
20
83%
30
83%
40
83%
50
83%
60
83%
64
83%
72
83%
90
83%
100
82%
11
82%
70
82%
80
82%
80
82%
81
82%
88
82%
90
82%
99
82%
110
81%
120
81%
22
81%
33
81%
44
81%
55
81%
66
81%
72
81%
77
81%
96
81%
108
80%
110
80%
88
80%
99
79%
12
78%
121
78%
24
77%
132
76%
36
76%
48
76%
60
74%
72
72%
84
71%
108
68%
120
68%
96
68%
144
67%
132
66%

Score Distribution

Percentile by Number Answered

Percent of People with Each Score

Your Score History

You have not taken this quiz